000 02678nam2a22003011 4500
001 RU\NLR\INFOCOMM6\1000361845
005 20250616232407.0
035 _a(NLR Aleph) 002276111
090 _a3998062
_c3998062
100 _a20031127d1894 |||y0rusy50 ca
101 0 _arus
102 _aRU
105 _ay |||||||||
200 0 _aТ.75, Кн.1
210 _d1894
_aБ. м.
421 1 _12001#$aК биологии простейших$fШевяков В.Т.
_1700#1$aШевяков$bВ.Т.
_1210##$aСпб.$d1894
_1309##$aПрипл.
_1311##$a1894/1895 к т.75
_tК биологии простейших
_aШевяков, В.Т.
421 1 _12001#$aСвод постановлений международных метеорологических конференций от Лейпцигской конференции в августе 1872 до Мюнхенской конференции в августе 1891 г. включительно$fВильд Г.И.
_1700#1$aВильд$bГ.И.
_1210##$aСпб.$d1894
_1309##$aПрипл.
_1311##$a1894/1895 к т.75
_tСвод постановлений международных метеорологических конференций от Лейпцигской конференции в августе 1872 до Мюнхенской конференции в августе 1891 г. включительно
_aВильд, Г.И.
421 1 _12001#$aМусульманские легенды$fКатанов Н.Ф.
_1700#1$aКатанов$bН.Ф.
_1210##$aСпб.$d1894
_1309##$aПрипл.
_1311##$a1894/1895 к т.75
_tМусульманские легенды
_aКатанов, Н.Ф.
421 1 _12001#$aОтчет о пятом присуждении премий Макария, митрополита Московского
_1210##$aСпб.$d1895
_1309##$aПрипл.
_1311##$a1894/1895 к т.75
_tОтчет о пятом присуждении премий Макария, митрополита Московского
421 1 _12001#$aОтчет о тридцать пятом присуждении наград графа Уварова
_1210##$aСпб.$d1895
_1309##$aПрипл.
_1311##$a1894/1895 к т.75
_tОтчет о тридцать пятом присуждении наград графа Уварова
461 0 _1001RU\NLR\INFOCOMM6\1000361712
_12001#$aЗаписки Академии наук$vТ.75, Кн.1
_93997372
_aАкадемия наук (Петербург)
_cСПб.
_d1862-1895
_tЗаписки Академии наук
_vТ.75, Кн.1
801 1 _aRU
_bInfoComm
_c20031127
801 0 _aRU
_bNLR
_gPSBO
852 _aNLR
_j1/447
942 _cISSUE
980 _aNB
980 _aRUSPER